2024 SEC Passing Leaders - Statistics

General Stats
  • This quiz has been taken 12 times
  • The average score is 10 of 16
Answer Stats
Hint Answer % Correct
Georgia Carson Beck
100%
Alabama Jalen Milroe
89%
Texas Quinn Ewers
89%
Florida DJ Lagway
78%
Ole Miss Jaxson Dart
78%
Vanderbilt Diego Pavia
67%
LSU Garrett Nussmeier
67%
Arkansas Taylen Green
67%
Missouri Brady Cook
56%
Oklahoma Jackson Arnold
56%
Tennessee Nico Iamaleava
56%
Auburn Payton Thorne
56%
South Carolina LaNorris Sellers
44%
Texas A&M Marcel Reed
44%
Kentucky Brock Vandagriff
33%
Mississippi State Michael Van Buren
33%
No matching quizzes found
Score Distribution
Percent of People with Each Score
Percentile by Number Answered
Your Score History
You have not taken this quiz